Statistiques concernant Les Pays Nordiques et leurs Capitales

Cliquez ici pour prendre le quiz!

Statistiques générales

  • Ce quiz a été pris 9 966 fois
  • Le résultat moyen est 9 sur 10

Statistiques - réponses

Réponses% Correct
Norvège
99%
Suède
99%
Finlande
98%
Oslo
97%
Danemark
96%
Islande
95%
Helsinki
92%
Stockholm
91%
Copenhague
90%
Reykjavik
81%

Distribution des résultats

Percentile par nombre de réponses

% des personnes avec chaque résultat

Votre développement - résultats

Vous n’avez pas pris ce quiz